[Event "2nd Women Masters"]
[Site "Jiangsu Wuxi CHN"]
[Date "2012.04.10"]
[Round "1"]
[White "Huang, Qian"]
[Black "Khotenashvili, Bela"]
[Result "1/2-1/2"]
[WhiteTitle "WGM"]
[BlackTitle "IM"]
[WhiteElo "2399"]
[BlackElo "2490"]
[WhiteFideId "8602689"]
[BlackFideId "13602640"]
[EventDate "2012.04.10"]

1. c4 e5 2. Nc3 Nc6 3. Nf3 g6 4. d4 exd4 5. Nxd4 Bg7 6. Nxc6 dxc6 7. Qxd8+ Kxd8
8. Bd2 Be6 9. e3 Nf6 10. Be2 Ke8 11. O-O-O Ng4 12. Bxg4 Bxg4 13. f3 Be6 14. b3
b6 15. Ne2 a5 16. Bc3 Bxc3 17. Nxc3 a4 18. Kb2 a3+ 19. Kc2 Ke7 20. Ne2 c5 21.
Nf4 c6 22. Rd2 Rhd8 23. Rxd8 Rxd8 24. Rd1 Rb8 25. Kc3 Bd7 26. Nd3 Be8 27. g4 f6
28. h4 h6 29. Rg1 Bf7 30. Rh1 Rh8 31. Nf4 Rd8 32. h5 gxh5 33. gxh5 Rg8 34. Kd3
f5 35. Kc3 Rg3 36. Rf1 b5 37. Kd3 Kf6 38. Kc3 Kg5 39. Nd3 Bxh5 40. f4+ Kg6 41.
cxb5 cxb5 42. Nxc5 Rxe3+ 43. Kb4 Bg4 44. Kxa3 h5 45. Rh1 Re2 46. Nd3 Rd2 47.
Ne5+ Kf6 48. Rc1 Ke6 49. Ng6 Kd5 50. Kb4 Rxa2 51. Kxb5 Be2+ 52. Kb4 Ke4 53. Rc5
Bg4 54. Rc4+ Ke3 55. Rc3+ Kf2 56. Kc5 Ra8 57. Kd4 Rg8 58. Nh4 Re8 59. Kd5 Re4
60. Ng6 Bf3 61. Kd6 Bg4 62. Kd5 Re1 63. b4 Rh1 64. Rc2+ Ke3 65. Ke5 Kd3 66. Ra2
Rb1 67. Kf6 Rxb4 68. Kg5 Ke4 69. Ra3 Bd1 70. Ra1 Bg4 71. Ra3 Rd4 72. Nh4 Bd1 73.
Nxf5 Rd2 74. Re3+ Kd5 75. Re5+ Kc6 76. Ne3 Be2 77. f5 Kd6 78. Re4 Bd3 79. Rd4+
Ke5 80. Rd8 Ke4 81. Re8+ Kd4 82. Kxh5 Rh2+ 83. Kg5 Bxf5 84. Nxf5+ 1/2-1/2

[Event "2nd Women Masters"]
[Site "Jiangsu Wuxi CHN"]
[Date "2012.04.10"]
[Round "1"]
[White "Muzychuk, Mariya"]
[Black "Zhang, Xiaowen"]
[Result "1-0"]
[WhiteTitle "IM"]
[BlackTitle "WGM"]
[WhiteElo "2490"]
[BlackElo "2354"]
[WhiteFideId "14114550"]
[BlackFideId "8603219"]
[EventDate "2012.04.10"]

1. e4 e6 2. d4 d5 3. Nc3 Nf6 4. Bg5 dxe4 5. Nxe4 Be7 6. Bxf6 gxf6 7. Nf3 f5 8.
Nc3 a6 9. Qd2 b5 10. O-O-O b4 11. Na4 Bb7 12. Qe3 Qd5 13. Nc5 Bc6 14. b3 Bb5 15.
a4 Bxf1 16. Rhxf1 Rg8 17. g3 Nc6 18. Rfe1 Rg4 19. Rd2 Nxd4 20. Nxe6 fxe6 21.
Rxd4 Rxd4 22. Nxd4 Bc5 23. Qxe6+ Qxe6 24. Nxe6 Bxf2 25. Nxc7+ Kd7 26. Re2 Kxc7
27. Rxf2 Rf8 28. Rf4 a5 29. g4 Kd6 30. Rxf5 Rxf5 31. gxf5 Ke5 32. c3 bxc3 33.
Kc2 Kxf5 34. Kxc3 h5 35. h4 Kg4 36. b4 axb4+ 37. Kxb4 Kxh4 38. a5 Kg3 39. a6 h4
40. a7 h3 41. a8=Q Kh2 42. Qf3 1-0

[Event "2nd Women Masters"]
[Site "Jiangsu Wuxi CHN"]
[Date "2012.04.10"]
[Round "1"]
[White "Zhao, Xue"]
[Black "Tan, Zhongyi"]
[Result "1/2-1/2"]
[WhiteTitle "GM"]
[BlackTitle "WGM"]
[WhiteElo "2543"]
[BlackElo "2438"]
[WhiteFideId "8601283"]
[BlackFideId "8603642"]
[EventDate "2012.04.10"]

1. d4 d5 2. c4 e6 3. Nc3 Bb4 4. e3 Nf6 5. Nf3 O-O 6. Bd3 c5 7. O-O Nc6 8. a3 Ba5
9. h3 cxd4 10. exd4 dxc4 11. Bxc4 h6 12. Qd3 a6 13. Ne4 Bc7 14. Rd1 e5 15. dxe5
Nxe4 16. Qe2 Qe7 17. Qxe4 Nxe5 18. Bf4 Nxf3+ 19. Qxf3 Bxf4 20. Qxf4 Be6 21. Qe4
Rfe8 22. Bxe6 Qxe6 23. Qxe6 Rxe6 24. Rd7 b5 25. Rc1 Rae8 26. Rcc7 Rf6 27. Kf1 g5
28. Rd4 Kg7 29. Rc2 Ree6 30. g3 Rc6 1/2-1/2

[Event "2nd Women Masters"]
[Site "Jiangsu Wuxi CHN"]
[Date "2012.04.11"]
[Round "2"]
[White "Shen, Yang"]
[Black "Ding, Yixin"]
[Result "1/2-1/2"]
[WhiteTitle "WGM"]
[BlackTitle "WGM"]
[WhiteElo "2440"]
[BlackElo "2350"]
[WhiteFideId "8603162"]
[BlackFideId "8602972"]
[EventDate "2012.04.10"]

1. c4 Nf6 2. Nc3 g6 3. Nf3 Bg7 4. e4 c5 5. d4 cxd4 6. Nxd4 d6 7. Be2 O-O 8. Be3
Nc6 9. O-O Bd7 10. Qd2 Qa5 11. f3 a6 12. Rfb1 Rfc8 13. Nxc6 Rxc6 14. b4 Qd8 15.
a4 Rcc8 16. Ra3 Be6 17. c5 Qd7 18. cxd6 Qxd6 19. Qxd6 exd6 20. Rd1 Ng4 21. Nd5
Bxd5 22. Rxd5 Nxe3 23. Rxe3 Rc1+ 24. Bd1 Bc3 25. b5 axb5 26. axb5 Bb4 27. Red3
Ra2 28. h4 Rb1 29. Rb3 Bc5+ 30. Kh2 Rbb2 31. Rxb2 Rxb2 32. h5 Rxb5 33. hxg6 hxg6
34. Rd3 Rb2 35. Bb3 b5 36. Kh3 Kg7 37. f4 b4 38. Kg3 1/2-1/2

[Event "2nd Women Masters"]
[Site "Jiangsu Wuxi CHN"]
[Date "2012.04.11"]
[Round "2"]
[White "Tan, Zhongyi"]
[Black "Gu, Xiaobing"]
[Result "1/2-1/2"]
[WhiteTitle "WGM"]
[BlackTitle "WGM"]
[WhiteElo "2438"]
[BlackElo "2257"]
[WhiteFideId "8603642"]
[BlackFideId "8602611"]
[EventDate "2012.04.10"]

1. d4 Nf6 2. c4 g6 3. Nf3 Bg7 4. g3 d6 5. Bg2 O-O 6. O-O Nc6 7. Nc3 Bf5 8. b3 e5
9. d5 Ne7 10. Ng5 Bd7 11. Ba3 b6 12. b4 h6 13. Nge4 Nxe4 14. Nxe4 f5 15. Nd2 e4
16. Rb1 a5 17. b5 g5 18. Bb2 Bxb2 19. Rxb2 Ng6 20. Rb3 Qf6 21. Qa1 Qxa1 22. Rxa1
Rae8 23. Rc3 Re7 24. a4 Rfe8 25. Re3 Bc8 26. Raa3 Kf7 27. h3 Ne5 28. g4 fxg4 29.
hxg4 Bxg4 30. Rxe4 Bf5 31. Rd4 Ng6 32. Bf3 Kg7 33. e3 Rf8 34. Bd1 Ne5 35. Nf1
Ref7 36. Ng3 Bc2 37. Bxc2 Nf3+ 38. Kh1 Nxd4 39. exd4 Rxf2 40. Be4 Kg8 41. Re3
Ra2 42. Nf5 h5 43. Nh6+ Kh8 44. Bf5 Rf2 45. Re7 R2xf5 46. Nxf5 Rxf5 47. Rxc7 Rf6
48. Rc6 g4 49. c5 Kg7 50. cxb6 Rf8 51. Rxd6 h4 52. Re6 h3 53. Re1 Kh6 54. b7 Kh5
55. d6 g3 56. d7 Rf2 57. b8=Q 1/2-1/2

[Event "2nd Women Masters"]
[Site "Jiangsu Wuxi CHN"]
[Date "2012.04.11"]
[Round "2"]
[White "Zhang, Xiaowen"]
[Black "Zhao, Xue"]
[Result "1/2-1/2"]
[WhiteTitle "WGM"]
[BlackTitle "GM"]
[WhiteElo "2354"]
[BlackElo "2543"]
[WhiteFideId "8603219"]
[BlackFideId "8601283"]
[EventDate "2012.04.10"]

1. e4 e5 2. Nf3 Nc6 3. Bb5 a6 4. Ba4 Nf6 5. O-O Be7 6. Re1 d6 7. c3 Bg4 8. d3
Nd7 9. Nbd2 Nc5 10. Bc2 Ne6 11. h3 Bh5 12. Nf1 Ng5 13. Bxg5 Bxg5 14. Ng3 Bxf3
15. Qxf3 O-O 16. Rad1 g6 17. d4 Qf6 18. Qxf6 Bxf6 19. Ne2 Rad8 20. f4 Na5 21. b4
Nc4 22. Bb3 b5 23. a4 Kg7 24. g3 Rfe8 25. Bxc4 bxc4 26. Kg2 exd4 27. Nxd4 c5 28.
bxc5 dxc5 29. e5 Bxe5 30. fxe5 cxd4 31. Rxd4 Rxd4 32. cxd4 Rd8 33. e6 fxe6 34.
Rxe6 c3 35. Rc6 Rxd4 36. Rxc3 Rxa4 37. Rc7+ Kh6 38. h4 a5 39. Kf3 Ra3+ 40. Kf4
Ra4+ 41. Kf3 g5 42. hxg5+ Kg6 43. Ra7 Ra1 44. Kf4 Ra4+ 45. Kf3 Ra3+ 46. Ke4 1/2-1/2

[Event "2nd Women Masters"]
[Site "Jiangsu Wuxi CHN"]
[Date "2012.04.11"]
[Round "2"]
[White "Ju, Wenjun"]
[Black "Huang, Qian"]
[Result "1-0"]
[WhiteTitle "WGM"]
[BlackTitle "WGM"]
[WhiteElo "2557"]
[BlackElo "2399"]
[WhiteFideId "8603006"]
[BlackFideId "8602689"]
[EventDate "2012.04.10"]

1. d4 Nf6 2. c4 g6 3. g3 Bg7 4. Bg2 d5 5. cxd5 Nxd5 6. e4 Nb6 7. Ne2 c5 8. d5
O-O 9. O-O e6 10. Nec3 exd5 11. exd5 Na6 12. a4 Nc4 13. Nd2 Nxd2 14. Bxd2 Bf5
15. Be3 Qd7 16. d6 Rad8 17. a5 Bh3 18. Bxh3 Qxh3 19. Qd5 Qd7 20. Ne4 Rfe8 21.
Bg5 Re5 22. Qc4 Rde8 23. Be7 Nb8 24. Nxc5 Qc6 25. Rac1 Rc8 26. Qb3 Re2 27. Nd3 1-0

[Event "2nd Women Masters"]
[Site "Jiangsu Wuxi CHN"]
[Date "2012.04.12"]
[Round "3"]
[White "Huang, Qian"]
[Black "Shen, Yang"]
[Result "1/2-1/2"]
[WhiteTitle "WGM"]
[BlackTitle "WGM"]
[WhiteElo "2399"]
[BlackElo "2440"]
[WhiteFideId "8602689"]
[BlackFideId "8603162"]
[EventDate "2012.04.10"]

1. d4 d5 2. Nf3 Nf6 3. c4 c6 4. e3 Bg4 5. Nc3 e6 6. h3 Bh5 7. Qb3 Qb6 8. Ne5
Nbd7 9. g4 Bg6 10. Nxg6 hxg6 11. Bg2 Be7 12. c5 Qxb3 13. axb3 a6 14. b4 O-O-O
15. Bd2 e5 16. O-O-O Rde8 17. Bf3 Rh4 18. Rde1 Bd8 19. Kc2 exd4 20. exd4 Rxe1
21. Bxe1 g5 22. Bg2 Rh8 23. Bd2 Ne8 24. Ne2 Nc7 25. f4 Ne6 26. f5 Nc7 27. Kd3
Nb5 28. Ng1 Nf6 29. Nf3 Ne4 30. Be1 Bf6 31. Bf1 Re8 32. Rh2 Kd8 33. Re2 Re7 34.
Bg2 Ke8 35. Re3 Kd8 36. Re2 1/2-1/2

[Event "2nd Women Masters"]
[Site "Jiangsu Wuxi CHN"]
[Date "2012.04.12"]
[Round "3"]
[White "Muzychuk, Mariya"]
[Black "Ju, Wenjun"]
[Result "1/2-1/2"]
[WhiteTitle "IM"]
[BlackTitle "WGM"]
[WhiteElo "2490"]
[BlackElo "2557"]
[WhiteFideId "14114550"]
[BlackFideId "8603006"]
[EventDate "2012.04.10"]

1. e4 c5 2. c4 Nc6 3. Ne2 e5 4. Nbc3 d6 5. d3 g6 6. g3 Bg7 7. Bg2 Nge7 8. O-O
O-O 9. a3 a5 10. f4 Bg4 11. h3 Bxe2 12. Nxe2 exf4 13. Nxf4 Qb6 14. Rb1 Nd4 15.
Kh2 Qb3 16. Be3 Qxd1 17. Rfxd1 Ra6 18. Bxd4 Bxd4 19. Ne2 Be5 20. Bf3 Nc6 21. Kg2
Rb6 22. Rd2 Kg7 23. Nf4 Nd4 24. Nd5 Rc6 25. b4 axb4 26. axb4 b5 27. cxb5 Nxb5
28. bxc5 Rxc5 29. Nb6 Nc3 30. Rf1 Rb5 31. Nc4 Rb4 32. Rc1 Nb5 33. Ne3 Nd4 34.
Bd1 Rfb8 35. Rf2 Rb2 36. Nc4 Rxf2+ 37. Kxf2 Ra8 38. Rb1 Ra2+ 39. Rb2 Ra1 40. Rd2
h5 41. h4 Ne6 42. Nxe5 dxe5 43. Bb3 Nd4 44. Bc4 Rc1 45. Rb2 f6 46. Kg2 Kh6 47.
Rf2 f5 48. Bd5 Rd1 49. Bc4 Re1 50. exf5 gxf5 51. Rb2 Rc1 52. Bf7 Rc6 53. Ra2 Rf6
54. Bc4 f4 55. Ra6 Rxa6 56. Bxa6 fxg3 57. Kxg3 Nf5+ 58. Kh3 Nd6 59. Bc4 e4 60.
Kg3 Kg6 61. Kf4 Kf6 62. Ke3 exd3 63. Bxd3 Nf5+ 1/2-1/2

[Event "2nd Women Masters"]
[Site "Jiangsu Wuxi CHN"]
[Date "2012.04.12"]
[Round "3"]
[White "Zhao, Xue"]
[Black "Khotenashvili, Bela"]
[Result "1-0"]
[WhiteTitle "GM"]
[BlackTitle "IM"]
[WhiteElo "2543"]
[BlackElo "2490"]
[WhiteFideId "8601283"]
[BlackFideId "13602640"]
[EventDate "2012.04.10"]

1. d4 d5 2. c4 e6 3. Nf3 Nf6 4. Nc3 Bb4 5. Bg5 h6 6. Bxf6 Qxf6 7. e3 O-O 8. Be2
dxc4 9. O-O Bxc3 10. bxc3 Nd7 11. Bxc4 Qe7 12. Qc2 b6 13. e4 Bb7 14. Rfe1 c5 15.
d5 exd5 16. Bxd5 Bxd5 17. exd5 Qd6 18. c4 a6 19. Qa4 b5 20. cxb5 Nb6 21. Qb3 c4
22. Qb2 Na4 23. Qd4 axb5 24. Nh4 Qb6 25. Qf4 Nb2 26. Qg3 Nd3 27. d6 Qc5 28. Re2
Rad8 29. Rb1 b4 30. Rc2 Qd5 31. Qg4 Ne5 32. Nf5 Nxg4 33. Ne7+ Kh7 34. Nxd5 Rxd6
35. Nxb4 Rfd8 36. Rf1 Ne5 37. Re2 f6 38. f4 Nd7 39. Kf2 Rb8 40. a3 Nc5 41. Kf3
Nb3 42. Kg4 f5+ 43. Kh3 Ra8 44. Nc2 Nd2 45. Ra1 Rd3+ 46. g3 Ne4 47. a4 Ra5 48.
Ne3 Nd6 49. Kg2 c3 50. Nd1 Rc5 51. Rc1 Ne4 52. Nf2 Rd2 53. Kf1 Rb2 54. Nxe4 fxe4
55. Kf2 Kg6 56. g4 h5 57. h3 hxg4 58. hxg4 Rb4 59. Rec2 Rxa4 60. Rxc3 Rxc3 61.
Rxc3 Ra2+ 62. Ke3 Ra6 63. Kxe4 Kf6 64. Kd5 g5 65. f5 Ra4 66. Rc4 Ra5+ 67. Kd6
Ra1 68. Rc6 Rd1+ 69. Kc7+ Ke5 70. Rc5+ Kf4 71. Rc4+ Ke5 72. Ra4 Rd2 73. Rb4 Rd1
74. Rc4 Rd2 75. Kc6 Kf6 76. Re4 Rc2+ 77. Kd7 Rd2+ 78. Ke8 Rd6 79. Kf8 Rd8+ 80.
Re8 Rd6 81. Kg8 Ra6 82. Re4 Rb6 83. Kh7 Kf7 84. Rc4 Ra6 85. Rc7+ Kf8 86. Rg7 Ra4
87. Kg6 Rxg4 88. Ra7 Rf4 89. f6 Ke8 90. Kg7 Rf5 1-0

[Event "2nd Women Masters"]
[Site "Jiangsu Wuxi CHN"]
[Date "2012.04.12"]
[Round "3"]
[White "Gu, Xiaobing"]
[Black "Zhang, Xiaowen"]
[Result "0-1"]
[WhiteTitle "WGM"]
[BlackTitle "WGM"]
[WhiteElo "2257"]
[BlackElo "2354"]
[WhiteFideId "8602611"]
[BlackFideId "8603219"]
[EventDate "2012.04.10"]

1. e4 e6 2. d4 d5 3. Nd2 c5 4. exd5 exd5 5. Bb5+ Nc6 6. Qe2+ Be7 7. dxc5 Nf6 8.
Nb3 O-O 9. Be3 Re8 10. O-O-O a6 11. Bxc6 bxc6 12. Qd3 a5 13. Nf3 Ne4 14. Nbd4
Nxc5 15. Qc3 Qd6 16. Rhe1 Bd7 17. Ne2 Ne4 18. Qe5 Qb4 19. Qd4 Bf6 20. Qxb4 axb4
21. Kb1 c5 22. Ng3 Be6 23. Nh5 d4 24. Nxf6+ gxf6 25. Bh6 Bxa2+ 26. Kc1 Bd5 27.
b3 Re6 28. Kb2 Nxf2 29. Ra1 Ng4 30. Bf4 Rxa1 31. Rxa1 Re2 32. Ra5 Nf2 33. Bh6
Be4 34. Rb5 Bc6 35. Rb8+ Re8 36. Rxe8+ Bxe8 37. h3 Bc6 38. Nh4 Be4 39. Kc1 f5
40. Bf4 Bd5 41. Bc7 Kg7 42. Bb6 Ne4 43. Nxf5+ Kf6 44. g4 Ke6 45. Bc7 Kd7 46. Bb8
Be6 47. Nh6 Nf2 48. h4 f6 49. Bg3 Ne4 50. Bf4 Kc6 51. Kb2 Nc3 52. Bh2 Ne2 53.
Bb8 d3 54. cxd3 Nd4 55. Nf5 Bxf5 56. gxf5 Nxf5 57. h5 Ng7 58. h6 Ne6 59. Bg3 Kd5
60. Bf2 f5 61. Bh4 Ke5 62. Be7 Kd4 63. Kc2 Ke3 64. Kd1 Kxd3 65. Ke1 Kc3 0-1

[Event "2nd Women Masters"]
[Site "Jiangsu Wuxi CHN"]
[Date "2012.04.12"]
[Round "3"]
[White "Ding, Yixin"]
[Black "Tan, Zhongyi"]
[Result "1-0"]
[WhiteTitle "WGM"]
[BlackTitle "WGM"]
[WhiteElo "2350"]
[BlackElo "2438"]
[WhiteFideId "8602972"]
[BlackFideId "8603642"]
[EventDate "2012.04.10"]

1. e4 c5 2. Nf3 Nc6 3. d4 cxd4 4. Nxd4 g6 5. Nc3 Bg7 6. Be3 Nf6 7. Be2 O-O 8.
O-O d5 9. exd5 Nb4 10. d6 Qxd6 11. Ncb5 Qb8 12. c4 Nc6 13. Nxc6 bxc6 14. Nd4 Bd7
15. Qb3 Qc7 16. Qa3 Rfe8 17. h3 Ne4 18. Bd3 Nd6 19. c5 Nf5 20. Nxf5 gxf5 21.
Rad1 Be6 22. Bd2 f4 23. Qa4 Be5 24. Rfe1 Bd5 25. Qc2 h6 26. Bh7+ Kf8 27. Qf5 f6
28. Qg6 e6 29. Bxf4 Bxf4 30. Rxd5 Qg7 31. Qxg7+ Kxg7 32. Rd7+ Kf8 33. Re4 Bg5
34. f4 f5 35. fxg5 fxe4 36. g6 1-0

[Event "2nd Women Masters"]
[Site "Jiangsu Wuxi CHN"]
[Date "2012.04.13"]
[Round "4"]
[White "Shen, Yang"]
[Black "Tan, Zhongyi"]
[Result "0-1"]
[WhiteTitle "WGM"]
[BlackTitle "WGM"]
[WhiteElo "2440"]
[BlackElo "2438"]
[WhiteFideId "8603162"]
[BlackFideId "8603642"]
[EventDate "2012.04.10"]

1. d4 d5 2. c4 e6 3. Nc3 Bb4 4. Nf3 Nf6 5. cxd5 exd5 6. Bg5 h6 7. Bh4 c5 8. e3
g5 9. Bg3 Ne4 10. Rc1 c4 11. Nd2 Nxg3 12. hxg3 Nc6 13. Be2 Be6 14. Bf3 Qd7 15.
b3 Bxc3 16. Rxc3 b5 17. bxc4 bxc4 18. Qa4 Rc8 19. Qa3 Qe7 20. O-O Qxa3 21. Rxa3
Rb8 22. Nb1 g4 23. Be2 Ke7 24. Nc3 Rhd8 25. Ra6 Kd6 26. Rd1 Bc8 27. Ra3 f5 28.
Kf1 a5 29. Ke1 Be6 30. Kd2 h5 31. Kc1 Rh8 32. Rh1 f4 33. exf4 Nxd4 34. Rxa5 Nc6
35. Ra6 Bc8 36. Ra4 Be6 37. Rd1 Kc5 38. f5 Bf7 39. f3 Rhe8 40. Rd2 gxf3 41. Bxf3
Re1+ 42. Rd1 Rxd1+ 43. Nxd1 Re8 44. g4 hxg4 45. Bxg4 Ne5 46. Be2 d4 47. Nb2 d3
48. Bf1 Rb8 49. Nd1 Kd4 50. Ra6 Bh5 0-1

[Event "2nd Women Masters"]
[Site "Jiangsu Wuxi CHN"]
[Date "2012.04.13"]
[Round "4"]
[White "Khotenashvili, Bela"]
[Black "Gu, Xiaobing"]
[Result "1-0"]
[WhiteTitle "IM"]
[BlackTitle "WGM"]
[WhiteElo "2490"]
[BlackElo "2257"]
[WhiteFideId "13602640"]
[BlackFideId "8602611"]
[EventDate "2012.04.10"]

1. d4 Nf6 2. c4 g6 3. Nc3 Bg7 4. g3 d6 5. Bg2 O-O 6. Nf3 Nc6 7. O-O Bf5 8. d5
Na5 9. Nd4 Bd7 10. b3 c5 11. dxc6 bxc6 12. e4 Rb8 13. Nc2 c5 14. Bg5 h6 15. Bd2
Nc6 16. h3 Ne8 17. f4 Nd4 18. Nxd4 cxd4 19. Nd5 e6 20. Nb4 d3 21. Nxd3 Bxa1 22.
Qxa1 f5 23. e5 Qb6+ 24. Rf2 Kh7 25. Qe1 Rg8 26. Be3 Qa6 27. exd6 Qxd6 28. Bxa7
Rd8 29. Ne5 Qa6 30. Bc5 Bc8 31. Be7 Rd4 32. Nc6 Re4 33. Bxe4 fxe4 34. Ne5 Qa7
35. Bb4 Bb7 36. Ng4 Qd4 37. Bc3 Qd3 38. Kh2 h5 39. Rd2 Qxc3 40. Rd7+ Rg7 41.
Qxc3 Rxd7 42. Nf2 Ng7 43. g4 Rf7 44. Qe5 1-0

[Event "2nd Women Masters"]
[Site "Jiangsu Wuxi CHN"]
[Date "2012.04.13"]
[Round "4"]
[White "Zhang, Xiaowen"]
[Black "Ding, Yixin"]
[Result "1/2-1/2"]
[WhiteTitle "WGM"]
[BlackTitle "WGM"]
[WhiteElo "2354"]
[BlackElo "2350"]
[WhiteFideId "8603219"]
[BlackFideId "8602972"]
[EventDate "2012.04.10"]

1. e4 c5 2. Nf3 d6 3. d4 cxd4 4. Nxd4 Nf6 5. Nc3 Nc6 6. g3 g6 7. Nde2 h5 8. h3
Bd7 9. Bg2 Qc8 10. a4 Bg7 11. Be3 Ne5 12. b3 h4 13. f4 Nc6 14. g4 Nxg4 15. hxg4
Bxg4 16. Qd2 h3 17. Bf1 Bxe2 18. Bxe2 Nb4 19. e5 dxe5 20. O-O-O exf4 21. Bd4
Bxd4 22. Qxd4 Qxc3 23. Qxc3 Na2+ 24. Kb2 Nxc3 25. Kxc3 e5 26. Rd5 Ke7 27. Rxe5+
Kf6 28. Rd5 Rae8 29. Kd2 g5 30. Bg4 h2 31. Rd6+ Ke5 32. Rd7 f5 33. Bf3 g4 34.
Bxb7 f3 35. Ke3 Kf6+ 36. Kf4 Re2 37. c4 f2 38. Bc6 Rh3 39. Rd6+ Re6 40. Rxe6+
Kxe6 41. Bd5+ Kf6 42. c5 Rd3 43. Bg2 Rxb3 44. c6 Rc3 45. a5 Rc4+ 46. Kg3 Kg5 47.
Kxh2 f4 48. Bd5 Rc2 49. Rf1 Kf5 50. Kg2 Ke5 51. Rxf2 1/2-1/2

[Event "2nd Women Masters"]
[Site "Jiangsu Wuxi CHN"]
[Date "2012.04.13"]
[Round "4"]
[White "Ju, Wenjun"]
[Black "Zhao, Xue"]
[Result "1/2-1/2"]
[WhiteTitle "WGM"]
[BlackTitle "GM"]
[WhiteElo "2557"]
[BlackElo "2543"]
[WhiteFideId "8603006"]
[BlackFideId "8601283"]
[EventDate "2012.04.10"]

1. d4 Nf6 2. c4 e6 3. g3 Bb4+ 4. Bd2 Qe7 5. Bg2 Nc6 6. e3 O-O 7. Ne2 d5 8. a3
Bxd2+ 9. Nxd2 Rd8 10. O-O b6 11. b4 Bb7 12. Nc3 Nb8 13. c5 e5 14. Re1 Nbd7 15.
a4 Rab8 16. Nb3 e4 17. Qc1 Nf8 18. a5 Bc8 19. axb6 axb6 20. Ra7 Ne6 21. cxb6
Rxb6 22. b5 Bd7 23. Na5 Qe8 24. Nb7 Ra8 25. Rxa8 Qxa8 26. Nc5 Bxb5 27. Nxb5 Rxb5
28. Nxe6 fxe6 29. Qxc7 Qb8 30. Qe7 Qe8 31. Qc7 Qb8 32. Qe7 Qe8 33. Qc7 Qb8 1/2-1/2

[Event "2nd Women Masters"]
[Site "Jiangsu Wuxi CHN"]
[Date "2012.04.14"]
[Round "5"]
[White "Muzychuk, Mariya"]
[Black "Shen, Yang"]
[Result "1/2-1/2"]
[WhiteTitle "IM"]
[BlackTitle "WGM"]
[WhiteElo "2490"]
[BlackElo "2440"]
[WhiteFideId "14114550"]
[BlackFideId "8603162"]
[EventDate "2012.04.10"]

1. d4 d5 2. c4 c6 3. Nf3 Nf6 4. Nc3 dxc4 5. a4 Bf5 6. Ne5 Nbd7 7. Nxc4 Nb6 8.
Ne5 a5 9. g3 e6 10. Bg2 Bb4 11. O-O O-O 12. e3 h6 13. Qe2 Nfd7 14. Nd3 Bxd3 15.
Qxd3 e5 16. Ne2 Qf6 17. b3 exd4 18. Nxd4 Rad8 19. Qc2 c5 20. Nb5 Ne5 21. Bb2 Rd2
22. Bxe5 Qxe5 23. Qe4 Qxe4 24. Bxe4 Rd7 25. Bf5 Rd2 26. Be4 Rd7 27. Bf5 Rd2 28.
Be4 Rd7 1/2-1/2

[Event "2nd Women Masters"]
[Site "Jiangsu Wuxi CHN"]
[Date "2012.04.14"]
[Round "5"]
[White "Zhao, Xue"]
[Black "Huang, Qian"]
[Result "1-0"]
[WhiteTitle "GM"]
[BlackTitle "WGM"]
[WhiteElo "2543"]
[BlackElo "2399"]
[WhiteFideId "8601283"]
[BlackFideId "8602689"]
[EventDate "2012.04.10"]

1. d4 Nf6 2. c4 g6 3. Nc3 Bg7 4. e4 d6 5. f3 O-O 6. Be3 c6 7. Qd2 Nbd7 8. h4 h5
9. O-O-O Qc7 10. Kb1 a6 11. g4 e5 12. d5 cxd5 13. cxd5 Nc5 14. b4 Ncd7 15. Rc1
Qd8 16. Nge2 hxg4 17. Ng3 gxf3 18. h5 Ng4 19. Bh3 Nxe3 20. Qxe3 Qb6 21. Qxf3
Qxb4+ 22. Ka1 Nc5 23. Rb1 Qd4 24. h6 Bxh6 25. Bxc8 Rfxc8 26. Rxh6 Qd3 27. Qxd3
Nxd3 28. Na4 Kg7 29. Rh3 Nf4 30. Rhh1 Rc7 31. Nb6 Rh8 32. Rhc1 Rxc1 33. Rxc1 Nd3
34. Rc3 Nf2 35. Nc8 Rd8 36. Rc7 Ng4 37. Nb6 Ne3 38. Kb1 Rh8 39. Rc3 Ng4 40. Nc8
Rd8 41. Rc7 Kh6 42. Nb6 f6 43. Rc8 Rxc8 44. Nxc8 Kg5 45. Nxd6 Kf4 46. Ndf5 gxf5
47. Nxf5 Kxe4 48. d6 Kxf5 49. d7 Kf4 50. d8=Q f5 51. Qd2+ Kf3 52. Qd1+ Kf4 53.
Qd2+ Kf3 54. Qd5+ Ke3 55. Qb3+ Kf4 56. Qxb7 e4 57. Qxa6 Kf3 58. a4 e3 59. Kc2 f4
60. Qd6 Nf2 61. Qd5+ Ke2 62. Qc4+ Kf3 63. a5 Kg3 64. a6 1-0

[Event "2nd Women Masters"]
[Site "Jiangsu Wuxi CHN"]
[Date "2012.04.14"]
[Round "5"]
[White "Gu, Xiaobing"]
[Black "Ju, Wenjun"]
[Result "1/2-1/2"]
[WhiteTitle "WGM"]
[BlackTitle "WGM"]
[WhiteElo "2257"]
[BlackElo "2557"]
[WhiteFideId "8602611"]
[BlackFideId "8603006"]
[EventDate "2012.04.10"]

1. e4 c5 2. Nf3 d6 3. d4 cxd4 4. Qxd4 a6 5. c4 Nc6 6. Qe3 Bg4 7. Be2 e6 8. O-O
Nf6 9. b3 Be7 10. Bb2 O-O 11. Nc3 Qa5 12. Rfd1 Rac8 13. a3 Rfd8 14. b4 Qc7 15.
Rac1 Bxf3 16. Qxf3 Ne5 17. Qe3 Nxc4 18. Bxc4 Qxc4 19. Nd5 Nxd5 20. Qg3 Nc3 21.
Rxc3 Qe2 22. Qxg7+ Kxg7 23. Rc2+ Bf6 24. Rxe2 Bxb2 25. Rxb2 d5 26. Rbd2 Rc3 27.
f3 Rxa3 28. exd5 Rxd5 29. Rxd5 exd5 30. Rxd5 Ra4 31. Rd4 b6 32. Rg4+ Kh6 33.
Rh4+ Kg6 34. Rg4+ Kf6 35. Rh4 h5 36. g4 hxg4 37. Rh6+ Ke5 38. Rxb6 gxf3 39. b5
a5 40. Rb8 Kf4 41. b6 Ra1+ 42. Kf2 Ra2+ 43. Kf1 Rb2 44. b7 f5 45. Kg1 f2+ 46.
Kg2 f1=Q+ 47. Kxf1 Kf3 48. Ke1 f4 49. h4 a4 50. h5 a3 51. h6 a2 52. Ra8 Rxb7 53.
Rxa2 Kg3 54. Ra8 Rb1+ 55. Kd2 Rh1 56. Rh8 f3 57. h7 Kf2 58. Kd3 Rh6 59. Kd4 Rh5
60. Kd3 Rh4 61. Kc3 Rh6 62. Kd4 Rh1 63. Kd3 Kf1 64. Rf8 Rxh7 1/2-1/2

[Event "2nd Women Masters"]
[Site "Jiangsu Wuxi CHN"]
[Date "2012.04.14"]
[Round "5"]
[White "Ding, Yixin"]
[Black "Khotenashvili, Bela"]
[Result "0-1"]
[WhiteTitle "WGM"]
[BlackTitle "IM"]
[WhiteElo "2350"]
[BlackElo "2490"]
[WhiteFideId "8602972"]
[BlackFideId "13602640"]
[EventDate "2012.04.10"]

1. e4 c6 2. c4 d5 3. exd5 cxd5 4. cxd5 Nf6 5. Nc3 Nxd5 6. Nf3 Nxc3 7. bxc3 g6 8.
d4 Bg7 9. Bc4 O-O 10. O-O Nc6 11. Re1 Bg4 12. Rb1 Qc7 13. Ba3 Rad8 14. h3 Bf5
15. Bd3 Bxd3 16. Qxd3 Rfe8 17. Qb5 b6 18. Qc4 Qd7 19. Ng5 Qd5 20. Qxd5 Rxd5 21.
Nf3 Ra5 22. Rb3 e6 23. Re2 Rc8 24. Bd6 Rd5 25. Bf4 Na5 26. Ra3 Bf8 27. Ra4 Rxc3
28. Bb8 Rc1+ 29. Kh2 a6 30. Ne5 Be7 31. Ng4 h5 32. Ne3 Rd8 33. Ba7 Bd6+ 34. g3
Bc7 35. Rb2 b5 36. Ra3 h4 37. Bc5 hxg3+ 38. fxg3 e5 39. Rc2 Rxc2+ 40. Nxc2 Nb7
41. Be7 Re8 42. Bf6 exd4 43. Nxd4 Nc5 44. Nc6 Bd6 45. Bd4 Re2+ 46. Kh1 Na4 47.
Rd3 Rc2 48. Na7 Nc5 49. Ra3 b4 50. Ra5 Ne4 51. Rxa6 Nxg3+ 52. Kg1 Ne2+ 53. Kf1
Nxd4 54. Rxd6 Nf5 55. Ra6 Ne3+ 56. Kg1 Nd5 57. Nc6 Rb2 58. Ne5 Re2 59. Nc6 Re6
60. Kf2 Kg7 61. h4 Kh6 62. Kg3 Kh5 63. Ra5 Rxc6 64. Rxd5+ f5 65. Rd4 Rc3+ 66.
Kg2 Rc2+ 67. Kg3 Rxa2 68. Rxb4 Ra3+ 69. Kg2 Re3 70. Rb6 Re4 71. Kg3 Rg4+ 0-1